[Event "RN-2012-0-00461"]
[Site "LSS email"]
[Date "2012.03.13"]
[Round "?"]
[White "Bernhardt, Patrick"]
[Black "Jokmin, Alex"]
[Result "0-1"]
[WhiteElo "800"]
[BlackElo "763"]
[PlyCount "30"]
[EventDate "2012.03.04"]
[EventType "tourn (corr)"]
[EventRounds "6"]
[EventCountry "GER"]
[SourceTitle "Corr 2015"]
[Source "ChessBase"]
[SourceDate "2015.07.17"]
[SourceVersion "1"]
[SourceVersionDate "2015.07.17"]
[SourceQuality "1"]

1. Nf3 d6 2. g3 e5 3. d3 b6 4. Bg2 Bb7 5. 0-0 f5 6. Nc3 Be7 7. e3 Nf6 8. d4 e4 9. Nh4 Qd7 10. Bh1 g5 11. Ng2 Nd5 12. Nxd5 Bxd5 13. b3 h5 14. c4 Bb7 15. d5 Na6 0-1

[Event "RN-2012-0-00461"]
[Site "LSS email"]
[Date "2012.03.13"]
[Round "?"]
[White "Linart, Ludvik"]
[Black "Bernhardt, Patrick"]
[Result "1-0"]
[WhiteElo "880"]
[BlackElo "800"]
[PlyCount "53"]
[EventDate "2012.03.04"]
[EventType "tourn (corr)"]
[EventRounds "6"]
[EventCountry "GER"]
[SourceTitle "Telechess CBM 157"]
[Source "ChessBase"]
[SourceDate "2013.11.12"]
[SourceVersion "1"]
[SourceVersionDate "2013.11.12"]
[SourceQuality "1"]

1. d4 Nf6 2. Bg5 Ne4 3. Bh4 c5 4. d5 Qb6 5. Nd2 Qb4 6. Qc1 Nxd2 7. c3 Qxh4 8. Qxd2 d6 9. Nf3 Qf6 10. e4 Nd7 11. Bb5 a6 12. Bxd7+ Bxd7 13. 0-0 b5 14. Rfe1 Bg4 15. e5 dxe5 16. Nxe5 Bd7 17. Re3 g6 18. Nxd7 Kxd7 19. Rae1 Re8 20. Rf3 Qg7 21. Qf4 f5 22. Rfe3 h5 23. Re6 Qh6 24. Qe5 Rh7 25. Rxa6 Rc8 26. Qe6+ Kd8 27. Qb6+ 1-0

[Event "RN-2012-0-00461"]
[Site "LSS email"]
[Date "2012.03.13"]
[Round "?"]
[White "Secondi, Alberto"]
[Black "Bernhardt, Patrick"]
[Result "1-0"]
[WhiteElo "693"]
[BlackElo "800"]
[PlyCount "33"]
[EventDate "2012.03.04"]
[EventType "tourn (corr)"]
[EventRounds "6"]
[EventCountry "GER"]
[SourceTitle "Corr 2015"]
[Source "ChessBase"]
[SourceDate "2015.07.17"]
[SourceVersion "1"]
[SourceVersionDate "2015.07.17"]
[SourceQuality "1"]

1. d4 Nf6 2. c4 g6 3. Nc3 Bg7 4. Bg5 0-0 5. Nf3 c6 6. e4 d6 7. Bd3 h6 8. Bh4 Nbd7 9. 0-0 a6 10. b4 b5 11. a4 Bb7 12. Re1 g5 13. Bg3 Nh5 14. axb5 cxb5 15. cxb5 Nxg3 16. fxg3 axb5 17. Bxb5 1-0